| 000 | 00396nam a2200169Ia 4500 | ||
|---|---|---|---|
| 008 | 230524s9999 xx 000 0 und d | ||
| 020 | _a8121921937 | ||
| 082 |
_a658.38 _bDUT |
||
| 100 | _aM.Dutta | ||
| 245 | 0 | _aManagement Control Systems | |
| 250 | _aIST | ||
| 260 |
_aNEW DELHI _bS.Chand _c2002 |
||
| 300 | _aII;264 | ||
| 500 | _aQuantity Number: 5 | ||
| 650 | _aManagement | ||
| 942 | _cBK | ||
| 999 |
_c46704 _d46704 |
||